| 000 | 00468nam a2200157I 4500 | ||
|---|---|---|---|
| 040 | _cOSU | ||
| 082 | _a635 EDW 1944 C143 Or. | ||
| 100 | 1 | _aWalker, J. C. | |
| 245 | 1 | 0 | _aDiseases of vegetable crops / |
| 260 |
_a[Ann Arbor, Mich. : _bEdwards Brothers, inc., _c1944 [c1939] |
||
| 300 |
_a2 p. l., 67 numb. l. ; _c28 cm. x 22 cm |
||
| 500 | _aPhoto-lithoprint reproduction of author's manuscript | ||
| 650 | 0 | _aVegetables | |
| 650 | 0 | _aPlant diseases | |
| 942 | _cAEDBB | ||
| 999 |
_c18377 _d18377 |
||